000 00346nam a2200157Ia 4500
008 160316s1953 xxu||||| |||| 00| 0 eng d
082 _a344.010000
_bINT
100 _a
245 _aInternational military tribunal
250 _a
260 _aCalcutta
_bSanyal & Co.
_c1953
300 _a701p
_b
_c
365 _b
650 _a
700 _a
_a
999 _c9888
_d9888